|
|
|
|
| LEADER |
05216nam a22005535i 4500 |
| 001 |
978-3-540-31659-6 |
| 003 |
DE-He213 |
| 005 |
20151204151205.0 |
| 007 |
cr nn 008mamaa |
| 008 |
101222s2005 gw | s |||| 0|eng d |
| 020 |
|
|
|a 9783540316596
|9 978-3-540-31659-6
|
| 024 |
7 |
|
|a 10.1007/b137286
|2 doi
|
| 040 |
|
|
|d GrThAP
|
| 050 |
|
4 |
|a TK5105.5-5105.9
|
| 072 |
|
7 |
|a UKN
|2 bicssc
|
| 072 |
|
7 |
|a COM075000
|2 bisacsh
|
| 082 |
0 |
4 |
|a 004.6
|2 23
|
| 245 |
1 |
0 |
|a Quality of Service – IWQoS 2005
|h [electronic resource] :
|b 13th International Workshop, IWQoS 2005, Passau, Germany, June 21-23, 2005. Proceedings /
|c edited by Hermann de Meer, Nina Bhatti.
|
| 264 |
|
1 |
|a Berlin, Heidelberg :
|b Springer Berlin Heidelberg,
|c 2005.
|
| 300 |
|
|
|a XVI, 404 p.
|b online resource.
|
| 336 |
|
|
|a text
|b txt
|2 rdacontent
|
| 337 |
|
|
|a computer
|b c
|2 rdamedia
|
| 338 |
|
|
|a online resource
|b cr
|2 rdacarrier
|
| 347 |
|
|
|a text file
|b PDF
|2 rda
|
| 490 |
1 |
|
|a Lecture Notes in Computer Science,
|x 0302-9743 ;
|v 3552
|
| 505 |
0 |
|
|a Invited Program -- COPS: Quality of Service vs. Any Service at All -- Beyond Middleware and QoS – Service-Oriented Architectures – Cult or Culture? -- Would Self-organized or Self-managed Networks Lead to Improved QoS? -- Full Papers -- Overlay Networks with Linear Capacity Constraints -- A High-Throughput Overlay Multicast Infrastructure with Network Coding -- On Topological Design of Service Overlay Networks -- On Transport Layer Adaptation in Heterogeneous Wireless Data Networks -- LT-TCP: End-to-End Framework to Improve TCP Performance over Networks with Lossy Channels -- QoS Guarantees in Multimedia CDMA Wireless Systems with Non-precise Network Parameter Estimates -- Analyzing Object Detection Quality Under Probabilistic Coverage in Sensor Networks -- A Self-tuning Fuzzy Control Approach for End-to-End QoS Guarantees in Web Servers -- Calculation of Speech Quality by Aggregating the Impacts of Individual Frame Losses -- Best-Effort Versus Reservations Revisited -- An Advanced QoS Protocol for Real-Time Content over the Internet -- Designing a Predictable Internet Backbone with Valiant Load-Balancing -- Preserving the Independence of Flows in General Topologies Using Turn-Prohibition -- Supporting Differentiated QoS in MPLS Networks -- Avoiding Transient Loops Through Interface-Specific Forwarding -- Analysis of Stochastic Service Guarantees in Communication Networks: A Server Model -- Preemptive Packet-Mode Scheduling to Improve TCP Performance -- Edge-Based Differentiated Services -- Processor Sharing Flows in the Internet -- A Practical Method for the Efficient Resolution of Congestion in an On-path Reduced-State Signalling Environment -- Case Study in Assessing Subjective QoS of a Mobile Multimedia Web Service in a Real Multi-access Network -- WXCP: Explicit Congestion Control for Wireless Multi-hop Networks -- A Non-homogeneous QBD Approach for the Admission and GoS Control in a Multiservice WCDMA System -- Short Papers -- Quality of Service Authentication, Authorization and Accounting -- Preliminary Results Towards Building a Highly Granular QoS Controller -- Concept of Admission Control in Packet Switching Networks Based on Tentative Accommodation of Incoming Flows -- Improving Uplink QoS of Wifi Hotspots -- Resilient State Management in Large Scale Networks -- Performance Analysis of Wireless Scheduling with ARQ in Fast Fading Channels -- Privacy and Reliability by Dispersive Routing -- Distributed Online LSP Merging Algorithms for MPLS-TE -- Implicit Flow QoS Signaling Using Semantic-Rich Context Tags -- The Impact of QoS - Where Industry Meets Academia -- Using IP as Transport Technology in Third Generation and Beyond Radio Access Networks -- Closing the Gap Between Industry, Academia and Users: Is There a Need for QoS in Wireless Systems ? -- Why QoS Will Be Needed in Metro Ethernets -- Research Issues in QoS Provisioning for Personal Networks -- RSVP Standards Today and the Path Towards a Generic Messenger -- QoS in Hybrid Networks – An Operator’s Perspective -- QoS for Aggregated Flows in VPNs -- Supporting Mission-Critical Applications over Multi-service Networks.
|
| 650 |
|
0 |
|a Computer science.
|
| 650 |
|
0 |
|a Computer communication systems.
|
| 650 |
|
0 |
|a Operating systems (Computers).
|
| 650 |
|
0 |
|a Information storage and retrieval.
|
| 650 |
|
0 |
|a Multimedia information systems.
|
| 650 |
|
0 |
|a Management information systems.
|
| 650 |
1 |
4 |
|a Computer Science.
|
| 650 |
2 |
4 |
|a Computer Communication Networks.
|
| 650 |
2 |
4 |
|a Management of Computing and Information Systems.
|
| 650 |
2 |
4 |
|a Operating Systems.
|
| 650 |
2 |
4 |
|a Multimedia Information Systems.
|
| 650 |
2 |
4 |
|a Information Storage and Retrieval.
|
| 650 |
2 |
4 |
|a Information Systems Applications (incl. Internet).
|
| 700 |
1 |
|
|a Meer, Hermann de.
|e editor.
|
| 700 |
1 |
|
|a Bhatti, Nina.
|e editor.
|
| 710 |
2 |
|
|a SpringerLink (Online service)
|
| 773 |
0 |
|
|t Springer eBooks
|
| 776 |
0 |
8 |
|i Printed edition:
|z 9783540262947
|
| 830 |
|
0 |
|a Lecture Notes in Computer Science,
|x 0302-9743 ;
|v 3552
|
| 856 |
4 |
0 |
|u http://dx.doi.org/10.1007/b137286
|z Full Text via HEAL-Link
|
| 912 |
|
|
|a ZDB-2-SCS
|
| 912 |
|
|
|a ZDB-2-LNC
|
| 950 |
|
|
|a Computer Science (Springer-11645)
|